000 00544pab a2200193 454500
008 180718b2008 xxu||||| |||| 00| 0 eng d
100 _aWoodward, In
245 _aAttitudes towards globalization and cosmopolitanism: cultural diversity, personal consumption and the national economy
260 _c2008
300 _ap.207-26.
362 _aJun
650 _aGlobalization
650 _aCosmopolitanism
700 _aBean, Clive
700 _aSkrbis, Zlatko
773 _aBritish Journal of Sociology
908 _aN
909 _a82506
999 _c82506
_d82506